Total quality : key terms and concepts
Αποθηκεύτηκε σε:
| Κύριος συγγραφέας: | |
|---|---|
| Μορφή: | Βιβλίο |
| Γλώσσα: | English |
| Δημοσίευση: |
New York :
Amacom,
1995
|
| Θέματα: | |
| Ετικέτες: |
Προσθήκη ετικέτας
Δεν υπάρχουν, Καταχωρήστε ετικέτα πρώτοι!
|
MARC
| LEADER | 00000nam a2200000 i 4500 | ||
|---|---|---|---|
| 001 | 1/54071 | ||
| 008 | 980403s1995 eng d | ||
| 020 | |a 081447876X | ||
| 035 | |l 10027625 | ||
| 040 | |a GR-MY-UA |b gre |e aacr | ||
| 041 | 0 | |a eng | |
| 082 | 0 | |a 658.56203 | |
| 100 | 1 | |a Duncan, William L. | |
| 245 | 1 | 0 | |a Total quality : |b key terms and concepts / |c William L. Duncan |
| 260 | |a New York : |b Amacom, |c 1995 | ||
| 300 | |a iv, 184 p. | ||
| 650 | 0 | 0 | |a Total quality management |x Dictionaries. |
| 852 | |a INST |b CHIOS |e 19980403 |h 658.56203 DUN |p 005200009595 |q 005200009595 |t REF |y 23 | ||
| 901 | |a BIBL-1998-1 | ||
| 909 | |a Χ |b 054337 | ||
| 922 | |a 2ΕΛΗ |b 199803 |c ΤΔΕ |d ΠΑΠΑΣΩΤΗΡΙΟΥ | ||